| 000 | 00721cam a2200265 4500500 | ||
|---|---|---|---|
| 005 | 20260405003229.0 | ||
| 041 | _afre | ||
| 042 | _adc | ||
| 100 | 1 | 0 |
_aNathan, Tobie _eauthor |
| 245 | 0 | 0 | _aShuffle. Le syndrome du hamster |
| 260 | _c2021. | ||
| 500 | _a66 | ||
| 690 | _aConfinement | ||
| 690 | _aCovid-19 | ||
| 690 | _aDanse | ||
| 690 | _aesclavage | ||
| 690 | _aEsclavagisme | ||
| 690 | _aImmobilité | ||
| 690 | _aJeunesse | ||
| 690 | _aLiberté | ||
| 690 | _aMouvement | ||
| 690 | _aTobie Nathan | ||
| 786 | 0 | _nPhilosophie magazine | 147 | 3 | 2021-03-01 | p. 27-29 | 1951-1787 | |
| 856 | 4 | 1 | _uhttps://shs.cairn.info/magazine-philosophie-magazine-2021-3-page-27?lang=fr&redirect-ssocas=7080 |
| 999 |
_c2065561 _d2065561 |
||